[Event "Open de Figueres Miquel Mas 2016"]
[Site "Figueres ESP"]
[Date "2016.08.14"]
[Round "5.10"]
[White "Serra Pages, Jordi"]
[Black "Parals Marce, Luis"]
[Result "0-1"]
[WhiteElo "2244"]
[BlackElo "2053"]
[PlyCount "75"]
[EventDate "2016.08.11"]
[EventType "swiss"]
[EventRounds "9"]
[EventCountry "ESP"]
[SourceTitle "Ajedrez en Madrid"]
[Source "lmi"]
[SourceDate "2016.08.11"]
[SourceVersion "1"]
[SourceVersionDate "2018.07.27"]
[SourceQuality "1"]

1. d4 d5 2. c4 c6 3. Nf3 Nf6 4. Nc3 dxc4 5. a4 Bf5 6. e3 e6 7. Bxc4 Bb4 8. O-O
Nbd7 9. Qe2 Bg4 10. h3 Bh5 11. e4 O-O 12. e5 Nd5 13. Nxd5 cxd5 14. Bd3 Re8 15.
g4 Bg6 16. Bxg6 fxg6 17. Be3 Qa5 18. Rfc1 Nb8 19. h4 Nc6 20. Kg2 Rac8 21. Rh1
Qa6 22. Qb5 h6 23. h5 g5 24. Rhd1 Qb6 25. Qd3 Qa6 26. Qb1 Rf8 27. Rd3 Be7 28.
Qd1 Nb4 29. Rc3 Rxc3 30. bxc3 Nc6 31. Rb1 Na5 32. Rb5 Nc4 33. Nd2 Na3 34. Rb3
Qa5 35. Qa1 b5 36. Qa2 Rc8 37. Nb1 Nxb1 38. Rxb1 0-1

[Event "Open de Figueres Miquel Mas 2016"]
[Site "Figueres ESP"]
[Date "2016.08.15"]
[Round "6.3"]
[White "Oliva Castaneda, Kevel"]
[Black "Sandipan, Chanda"]
[Result "1/2-1/2"]
[WhiteElo "2491"]
[BlackElo "2572"]
[PlyCount "47"]
[EventDate "2016.08.11"]
[EventType "swiss"]
[EventRounds "9"]
[EventCountry "ESP"]
[SourceTitle "Ajedrez en Madrid"]
[Source "lmi"]
[SourceDate "2016.08.11"]
[SourceVersion "1"]
[SourceVersionDate "2018.07.27"]
[SourceQuality "1"]

1. Nf3 e6 2. g3 f5 3. Bg2 Nf6 4. O-O Be7 5. d3 O-O 6. c4 Nc6 7. Nc3 d6 8. Rb1
Qe8 9. b4 Qh5 10. b5 Ne5 11. Nxe5 dxe5 12. e3 Qh6 13. Qb3 g5 14. Ba3 Bxa3 15.
Qxa3 f4 16. Ne4 Bd7 17. Qc5 Nxe4 18. Bxe4 f3 19. Qxe5 Qh3 20. Qxg5+ Kh8 21.
Qe5+ Kg8 22. Qg5+ Kh8 23. Qe5+ Kg8 24. Qg5+ 1/2-1/2

[Event "Open de Figueres Miquel Mas 2016"]
[Site "Figueres ESP"]
[Date "2016.08.15"]
[Round "6.7"]
[White "Vidal Zamora, Alex"]
[Black "Bergez, Luc"]
[Result "1/2-1/2"]
[WhiteElo "2291"]
[BlackElo "2344"]
[PlyCount "47"]
[EventDate "2016.08.11"]
[EventType "swiss"]
[EventRounds "9"]
[EventCountry "ESP"]
[SourceTitle "Ajedrez en Madrid"]
[Source "lmi"]
[SourceDate "2016.08.11"]
[SourceVersion "1"]
[SourceVersionDate "2018.07.27"]
[SourceQuality "1"]

1. Nf3 d5 2. d4 c6 3. c4 e6 4. Nc3 Nf6 5. e3 Nbd7 6. Bd3 dxc4 7. Bxc4 b5 8. Bd3
Bb7 9. O-O Be7 10. Qe2 O-O 11. Ne4 Nxe4 12. Bxe4 Qb6 13. Bd2 Nf6 14. Bd3 c5 15.
dxc5 Qxc5 16. Bxb5 Bxf3 17. gxf3 Rab8 18. a4 Qh5 19. Bc3 Bd6 20. f4 Rxb5 21.
Qxb5 Qg4+ 22. Kh1 Qf3+ 23. Kg1 Ne4 24. Rae1 1/2-1/2

[Event "Open de Figueres Miquel Mas 2016"]
[Site "Figueres ESP"]
[Date "2016.08.15"]
[Round "6.8"]
[White "Parals Marce, Luis"]
[Black "Mellado Trivino, Juan"]
[Result "0-1"]
[WhiteElo "2053"]
[BlackElo "2427"]
[PlyCount "56"]
[EventDate "2016.08.11"]
[EventType "swiss"]
[EventRounds "9"]
[EventCountry "ESP"]
[SourceTitle "Ajedrez en Madrid"]
[Source "lmi"]
[SourceDate "2016.08.11"]
[SourceVersion "1"]
[SourceVersionDate "2018.07.27"]
[SourceQuality "1"]

1. d4 f5 2. Nc3 Nf6 3. Nf3 e6 4. Bf4 Bd6 5. e3 O-O 6. Bd3 b6 7. Ne2 Bb7 8. c4
Nc6 9. a3 Ne7 10. b4 Ng6 11. Bxd6 cxd6 12. Nf4 Qe8 13. O-O Nxf4 14. exf4 Qh5
15. d5 Qg4 16. g3 Rae8 17. Nd4 Qh3 18. Rc1 Ng4 19. Nf3 e5 20. fxe5 f4 21. Qe2
Rxe5 22. Qd2 Rh5 23. Be4 Nxh2 24. Rfe1 Ng4 25. Nd4 f3 26. Bxf3 Rxf3 27. Re8+
Kf7 28. Re7+ Kxe7 0-1

[Event "Open de Figueres Miquel Mas 2016"]
[Site "Figueres ESP"]
[Date "2016.08.15"]
[Round "6.9"]
[White "Gonzalez Rodriguez, Jorge A."]
[Black "Colls Gelaberto, Emili"]
[Result "1-0"]
[WhiteElo "2306"]
[BlackElo "2092"]
[PlyCount "61"]
[EventDate "2016.08.11"]
[EventType "swiss"]
[EventRounds "9"]
[EventCountry "ESP"]
[SourceTitle "Ajedrez en Madrid"]
[Source "lmi"]
[SourceDate "2016.08.11"]
[SourceVersion "1"]
[SourceVersionDate "2018.07.27"]
[SourceQuality "1"]

1. c4 c5 2. Nc3 Nf6 3. g3 d5 4. cxd5 Nxd5 5. Bg2 Nc7 6. d3 e5 7. a3 Be7 8. Rb1
O-O 9. b4 cxb4 10. axb4 a6 11. Nf3 Nc6 12. b5 axb5 13. Nxb5 Bb4+ 14. Bd2 Nxb5
15. Bxb4 Nxb4 16. Rxb4 Qa5 17. Qb3 Nd4 18. Nxd4 Qa1+ 19. Kd2 Qa5 20. Nc2 Be6
21. Qb2 Rfc8 22. Bxb7 Rxc2+ 23. Kxc2 Qc7+ 24. Kb1 Ba2+ 25. Qxa2 Rxa2 26. Kxa2
Qc2+ 27. Rb2 Qc5 28. e3 g6 29. e4 Qa5+ 30. Kb1 Qc3 31. Ba6 1-0

[Event "Open de Figueres Miquel Mas 2016"]
[Site "Figueres ESP"]
[Date "2016.08.15"]
[Round "6.10"]
[White "Cardenas Serrano, Sergio"]
[Black "Muratet Casadevall, Albert"]
[Result "1/2-1/2"]
[WhiteElo "2071"]
[BlackElo "2204"]
[PlyCount "40"]
[EventDate "2016.08.11"]
[EventType "swiss"]
[EventRounds "9"]
[EventCountry "ESP"]
[SourceTitle "Ajedrez en Madrid"]
[Source "lmi"]
[SourceDate "2016.08.11"]
[SourceVersion "1"]
[SourceVersionDate "2018.07.27"]
[SourceQuality "1"]

1. e4 Nf6 2. e5 Nd5 3. c4 Nb6 4. c5 Nd5 5. Nc3 Nxc3 6. dxc3 e6 7. Bf4 Nc6 8.
Qg4 d5 9. cxd6 cxd6 10. O-O-O Qa5 11. exd6 Qxa2 12. Bb5 Bd7 13. Nf3 Rc8 14. Be3
h5 15. Qf4 e5 16. Qe4 f5 17. Qa4 Qxa4 18. Bxa4 e4 19. Bxc6 Rxc6 20. Nd4 Rxd6
1/2-1/2

[Event "Open de Figueres Miquel Mas 2016"]
[Site "Figueres ESP"]
[Date "2016.08.15"]
[Round "6.11"]
[White "Taylor, William J"]
[Black "Sole Pijuan, Ferran"]
[Result "1-0"]
[WhiteElo "1993"]
[BlackElo "1998"]
[PlyCount "59"]
[EventDate "2016.08.11"]
[EventType "swiss"]
[EventRounds "9"]
[EventCountry "ESP"]
[SourceTitle "Ajedrez en Madrid"]
[Source "lmi"]
[SourceDate "2016.08.11"]
[SourceVersion "1"]
[SourceVersionDate "2018.07.27"]
[SourceQuality "1"]

1. e4 e5 2. Nf3 Nc6 3. Bc4 Bc5 4. O-O Nf6 5. d3 d6 6. c3 a6 7. Re1 Ba7 8. Bb3
O-O 9. h3 h6 10. Nbd2 Nh5 11. Nf1 Qf6 12. Be3 Nf4 13. d4 Ne7 14. Ng3 Neg6 15.
Bc2 c5 16. Nf5 c4 17. Qd2 b5 18. g3 Ne6 19. h4 Rd8 20. Nh2 h5 21. Bg5 Nxg5 22.
hxg5 Qe6 23. d5 Qe8 24. Qe2 Bxf5 25. exf5 h4 26. fxg6 hxg3 27. Ng4 Qd7 28. Kg2
gxf2 29. Nxf2 fxg6 30. Bxg6 1-0

[Event "Open de Figueres Miquel Mas 2016"]
[Site "Figueres ESP"]
[Date "2016.08.16"]
[Round "7.1"]
[White "Movsziszian, Karen"]
[Black "Cordova, Emilio"]
[Result "0-1"]
[WhiteElo "2495"]
[BlackElo "2627"]
[PlyCount "66"]
[EventDate "2016.08.11"]
[EventType "swiss"]
[EventRounds "9"]
[EventCountry "ESP"]
[SourceTitle "Ajedrez en Madrid"]
[Source "lmi"]
[SourceDate "2016.08.11"]
[SourceVersion "1"]
[SourceVersionDate "2018.07.27"]
[SourceQuality "1"]

1. g3 e5 2. Bg2 Nc6 3. a3 a5 4. e4 Bc5 5. Nc3 d6 6. d3 Nge7 7. Be3 O-O 8. Bxc5
dxc5 9. Nge2 f5 10. Qd2 f4 11. gxf4 exf4 12. Nxf4 Nd4 13. Nce2 Nec6 14. Nxd4
Nxd4 15. Ne2 Qh4 16. Nxd4 cxd4 17. O-O Ra6 18. f4 Rh6 19. Bh1 Rg6+ 20. Bg2 Bh3
21. Rf2 Bxg2 22. Rxg2 Rxg2+ 23. Qxg2 Rxf4 24. Qe2 a4 25. Rf1 Qg5+ 26. Kh1 Rxf1+
27. Qxf1 Qd2 28. Qb1 h5 29. b3 h4 30. bxa4 h3 31. Qf1 Qe3 32. a5 c6 33. a4 c5
0-1

[Event "Open de Figueres Miquel Mas 2016"]
[Site "Figueres ESP"]
[Date "2016.08.16"]
[Round "7.4"]
[White "Gomez Garrido, Camilo Ernesto"]
[Black "Oliva Castaneda, Kevel"]
[Result "1/2-1/2"]
[WhiteElo "2560"]
[BlackElo "2491"]
[PlyCount "27"]
[EventDate "2016.08.11"]
[EventType "swiss"]
[EventRounds "9"]
[EventCountry "ESP"]
[SourceTitle "Ajedrez en Madrid"]
[Source "lmi"]
[SourceDate "2016.08.11"]
[SourceVersion "1"]
[SourceVersionDate "2018.07.27"]
[SourceQuality "1"]

1. e4 e5 2. Nf3 Nf6 3. Nxe5 d6 4. Nf3 Nxe4 5. Qe2 Qe7 6. Nc3 Nxc3 7. Qxe7+ Bxe7
8. dxc3 Nc6 9. Be3 O-O 10. h3 Be6 11. O-O-O a6 12. Nd4 Nxd4 13. cxd4 Rfe8 14.
d5 1/2-1/2

[Event "Open de Figueres Miquel Mas 2016"]
[Site "Figueres ESP"]
[Date "2016.08.16"]
[Round "7.7"]
[White "Bergez, Luc"]
[Black "Taylor, William J"]
[Result "0-1"]
[WhiteElo "2344"]
[BlackElo "1993"]
[PlyCount "52"]
[EventDate "2016.08.11"]
[EventType "swiss"]
[EventRounds "9"]
[EventCountry "ESP"]
[SourceTitle "Ajedrez en Madrid"]
[Source "lmi"]
[SourceDate "2016.08.11"]
[SourceVersion "1"]
[SourceVersionDate "2018.07.27"]
[SourceQuality "1"]

1. e4 e5 2. Nf3 Nc6 3. Bc4 Bc5 4. O-O Nf6 5. d4 Bxd4 6. Nxd4 Nxd4 7. Bg5 h6 8.
Bh4 Qe7 9. f4 Qc5 10. fxe5 Nf3+ 11. Kh1 Nxh4 12. exf6 Qxc4 13. Na3 Qc5 14. Qe1
g5 15. Rf5 Nxf5 16. exf5+ Kd8 17. b4 Qd6 18. Qc3 Re8 19. Nc4 Qd5 20. Re1 Re4
21. Ne5 d6 22. Nxf7+ Ke8 23. Nh8 Bxf5 24. Rf1 Kd7 25. f7 Qe5 26. Qxe5 Rxe5 0-1

[Event "Open de Figueres Miquel Mas 2016"]
[Site "Figueres ESP"]
[Date "2016.08.16"]
[Round "7.8"]
[White "Cuadras Avellana, Jordi"]
[Black "Gonzalez Rodriguez, Jorge A."]
[Result "1/2-1/2"]
[WhiteElo "2303"]
[BlackElo "2306"]
[PlyCount "35"]
[EventDate "2016.08.11"]
[EventType "swiss"]
[EventRounds "9"]
[EventCountry "ESP"]
[SourceTitle "Ajedrez en Madrid"]
[Source "lmi"]
[SourceDate "2016.08.11"]
[SourceVersion "1"]
[SourceVersionDate "2018.07.27"]
[SourceQuality "1"]

1. e4 e6 2. d4 d5 3. Nc3 Bb4 4. exd5 exd5 5. Bd3 Nc6 6. Nge2 Nge7 7. O-O Bf5 8.
a3 Bxc3 9. bxc3 Qd7 10. a4 O-O 11. Ng3 Bg6 12. h4 Rfe8 13. h5 Bxd3 14. cxd3 h6
15. Qf3 Kh7 16. Bf4 Ng8 17. Rfe1 Re6 18. Rxe6 1/2-1/2

[Event "Open de Figueres Miquel Mas 2016"]
[Site "Figueres ESP"]
[Date "2016.08.16"]
[Round "7.11"]
[White "Pinsach Gelabert, Alexandre"]
[Black "Parals Marce, Luis"]
[Result "1-0"]
[WhiteElo "2077"]
[BlackElo "2053"]
[PlyCount "91"]
[EventDate "2016.08.11"]
[EventType "swiss"]
[EventRounds "9"]
[EventCountry "ESP"]
[SourceTitle "Ajedrez en Madrid"]
[Source "lmi"]
[SourceDate "2016.08.11"]
[SourceVersion "1"]
[SourceVersionDate "2018.07.27"]
[SourceQuality "1"]

1. e4 c6 2. Nf3 d5 3. Nc3 dxe4 4. Nxe4 Bg4 5. h3 Bxf3 6. Qxf3 Nf6 7. Nxf6+ exf6
8. c3 Bd6 9. d4 O-O 10. Bd3 Re8+ 11. Be3 Nd7 12. O-O Nf8 13. a4 Qc7 14. a5 Ng6
15. a6 b6 16. g3 c5 17. Bxg6 hxg6 18. dxc5 Bxc5 19. Bf4 Qc8 20. g4 g5 21. Bg3
Re6 22. Rfd1 Qe8 23. Kg2 Re4 24. Re1 Rxe1 25. Rxe1 Qc8 26. Rd1 b5 27. Bc7 Qe8
28. Qb7 Kh7 29. b4 Bf8 30. Rd3 Rc8 31. Re3 Qd7 32. Bd6 Qd8 33. Bxf8 Qxf8 34.
Qxa7 Ra8 35. Qb7 Rb8 36. Qe4+ g6 37. a7 Ra8 38. Qb7 Kg7 39. Re7 Rd8 40. Rd7
Rxd7 41. Qxd7 Qa8+ 42. Kg1 Qf3 43. Qxb5 f5 44. Qe5+ Kh7 45. Qb8 Qd1+ 46. Kh2
1-0

[Event "Open de Figueres Miquel Mas 2016"]
[Site "Figueres ESP"]
[Date "2016.08.16"]
[Round "7.13"]
[White "Sole Pijuan, Ferran"]
[Black "Falgueras Marti, Carles"]
[Result "1/2-1/2"]
[WhiteElo "1998"]
[BlackElo "1934"]
[PlyCount "50"]
[EventDate "2016.08.11"]
[EventType "swiss"]
[EventRounds "9"]
[EventCountry "ESP"]
[SourceTitle "Ajedrez en Madrid"]
[Source "lmi"]
[SourceDate "2016.08.11"]
[SourceVersion "1"]
[SourceVersionDate "2018.07.27"]
[SourceQuality "1"]

1. d4 Nf6 2. c4 e6 3. Nc3 Bb4 4. e3 c5 5. Nge2 O-O 6. a3 cxd4 7. exd4 Bxc3+ 8.
Nxc3 d5 9. Bg5 dxc4 10. Bxc4 Nc6 11. Be3 Nd5 12. Nxd5 exd5 13. Bd3 Qh4 14. O-O
Re8 15. Rc1 Be6 16. Bb5 Rec8 17. Rc5 a6 18. Ba4 Ne7 19. b4 b6 20. Rxc8+ Rxc8
21. Qd2 Nf5 22. Bb3 Nd6 23. Rc1 Rxc1+ 24. Qxc1 Nc4 25. Bxc4 dxc4 1/2-1/2

[Event "Open de Figueres Miquel Mas 2016"]
[Site "Figueres ESP"]
[Date "2016.08.16"]
[Round "7.15"]
[White "Salleras Mercader, Josep M."]
[Black "Prats Rodriguez, Juan Bosco"]
[Result "1/2-1/2"]
[WhiteElo "1640"]
[BlackElo "1952"]
[PlyCount "51"]
[EventDate "2016.08.11"]
[EventType "swiss"]
[EventRounds "9"]
[EventCountry "ESP"]
[SourceTitle "Ajedrez en Madrid"]
[Source "lmi"]
[SourceDate "2016.08.11"]
[SourceVersion "1"]
[SourceVersionDate "2018.07.27"]
[SourceQuality "1"]

1. e4 d5 2. exd5 Qxd5 3. Nc3 Qd8 4. d4 g6 5. h3 Bg7 6. Nf3 Nf6 7. Bb5+ Bd7 8.
Bxd7+ Nbxd7 9. O-O O-O 10. Bf4 c6 11. Ne2 Qb6 12. Qc1 c5 13. c3 cxd4 14. Nexd4
Nd5 15. Nb3 e5 16. Bh6 Rfd8 17. Bxg7 Kxg7 18. Re1 f6 19. h4 a5 20. Nbd2 Nf4 21.
Qc2 Nc5 22. Nc4 Qe6 23. Ne3 Ncd3 24. Red1 Qc6 25. Ne1 Nc5 26. Nf3 1/2-1/2

[Event "Open de Figueres Miquel Mas 2016"]
[Site "Figueres ESP"]
[Date "2016.08.17"]
[Round "8.1"]
[White "Oliva Castaneda, Kevel"]
[Black "Cordova, Emilio"]
[Result "1/2-1/2"]
[WhiteElo "2491"]
[BlackElo "2627"]
[PlyCount "27"]
[EventDate "2016.08.11"]
[EventType "swiss"]
[EventRounds "9"]
[EventCountry "ESP"]
[SourceTitle "Ajedrez en Madrid"]
[Source "lmi"]
[SourceDate "2016.08.11"]
[SourceVersion "1"]
[SourceVersionDate "2018.07.27"]
[SourceQuality "1"]

1. d4 Nf6 2. c4 e6 3. Nf3 b6 4. g3 Bb4+ 5. Bd2 Bxd2+ 6. Nbxd2 Bb7 7. Bg2 O-O 8.
O-O d6 9. Qc2 c5 10. Rfd1 cxd4 11. Nxd4 Bxg2 12. Kxg2 Qc7 13. Rac1 a6 14. N2f3
1/2-1/2

[Event "Open de Figueres Miquel Mas 2016"]
[Site "Figueres ESP"]
[Date "2016.08.17"]
[Round "8.3"]
[White "Mellado Trivino, Juan"]
[Black "Sandipan, Chanda"]
[Result "0-1"]
[WhiteElo "2427"]
[BlackElo "2572"]
[PlyCount "70"]
[EventDate "2016.08.11"]
[EventType "swiss"]
[EventRounds "9"]
[EventCountry "ESP"]
[SourceTitle "Ajedrez en Madrid"]
[Source "lmi"]
[SourceDate "2016.08.11"]
[SourceVersion "1"]
[SourceVersionDate "2018.07.27"]
[SourceQuality "1"]

1. d4 d5 2. e4 dxe4 3. Nc3 Nf6 4. f3 c5 5. Bb5+ Bd7 6. dxc5 Qa5 7. Qe2 Bxb5 8.
Qxb5+ Qxb5 9. Nxb5 Na6 10. Be3 Nd5 11. Bd4 e5 12. Bxe5 Bxc5 13. O-O-O Ne3 14.
Re1 O-O-O 15. Nh3 f6 16. Bf4 Nxg2 17. Rxe4 Rd5 18. Rd1 Rhd8 19. Rxd5 Rxd5 20.
Bd2 Rh5 21. Nf4 Nxf4 22. Bxf4 Kd7 23. Nc3 Rf5 24. Kd2 g5 25. Bg3 Rxf3 26. Nd5
h5 27. b4 Bd6 28. Ke2 g4 29. Re3 Rxe3+ 30. Kxe3 Ke6 31. Bxd6 Kxd5 32. Bf8 Kc4
33. a3 Nc7 34. Ke4 h4 35. Bc5 Nb5 0-1

[Event "Open de Figueres Miquel Mas 2016"]
[Site "Figueres ESP"]
[Date "2016.08.17"]
[Round "8.4"]
[White "Taylor, William J"]
[Black "Gomez Garrido, Camilo Ernesto"]
[Result "0-1"]
[WhiteElo "1993"]
[BlackElo "2560"]
[PlyCount "97"]
[EventDate "2016.08.11"]
[EventType "swiss"]
[EventRounds "9"]
[EventCountry "ESP"]
[SourceTitle "Ajedrez en Madrid"]
[Source "lmi"]
[SourceDate "2016.08.11"]
[SourceVersion "1"]
[SourceVersionDate "2018.07.27"]
[SourceQuality "1"]

1. e4 c5 2. Nf3 d6 3. d4 cxd4 4. Nxd4 Nf6 5. Nc3 a6 6. Be2 e6 7. O-O Be7 8. f4
O-O 9. Kh1 Qc7 10. Be3 b5 11. a3 Bb7 12. Bf3 Nbd7 13. Qe1 Nb6 14. Rd1 Rac8 15.
Qg3 Nfd7 16. Bg4 Bf6 17. Bxe6 fxe6 18. Nxe6 Qc4 19. Nxf8 Rxf8 20. Qf2 Bxc3 21.
bxc3 Qxe4 22. Rxd6 Nc4 23. Rxd7 Qxg2+ 24. Qxg2 Bxg2+ 25. Kxg2 Nxe3+ 26. Kf2
Nxf1 27. Kxf1 Rxf4+ 28. Kg2 Ra4 29. Rc7 Rxa3 30. c4 Rc3 31. Ra7 Rxc2+ 32. Kg3
Rc3+ 33. Kf2 bxc4 34. Rxa6 Rd3 35. Rc6 c3 36. Kg2 Kf7 37. h4 Ke7 38. Kh2 Kd7
39. Rc4 Kd6 40. Kg2 Kd5 41. Rc7 Kd4 42. Kf2 Rh3 43. Rd7+ Kc4 44. Rxg7 Rxh4 45.
Ke2 Kb3 46. Kd1 c2+ 47. Kd2 Rh2+ 48. Kd3 c1=Q 49. Kd4 0-1

[Event "Open de Figueres Miquel Mas 2016"]
[Site "Figueres ESP"]
[Date "2016.08.17"]
[Round "8.7"]
[White "Renteria, Jorge"]
[Black "Campos Moreno, Javier B."]
[Result "0-1"]
[WhiteElo "2264"]
[BlackElo "2412"]
[PlyCount "64"]
[EventDate "2016.08.11"]
[EventType "swiss"]
[EventRounds "9"]
[EventCountry "ESP"]
[SourceTitle "Ajedrez en Madrid"]
[Source "lmi"]
[SourceDate "2016.08.11"]
[SourceVersion "1"]
[SourceVersionDate "2018.07.27"]
[SourceQuality "1"]

1. e4 e5 2. Nf3 Nc6 3. Bb5 a6 4. Ba4 g6 5. O-O Bg7 6. c3 Nge7 7. d3 O-O 8. Re1
d6 9. Nbd2 h6 10. Nf1 f5 11. h3 f4 12. d4 Kh7 13. dxe5 Nxe5 14. Nxe5 Bxe5 15.
Nh2 g5 16. Bd2 Ng6 17. b4 Qf6 18. Ng4 Bxg4 19. hxg4 f3 20. Qxf3 Qxf3 21. gxf3
Rxf3 22. Re3 Rf6 23. Bd1 Bf4 24. Rf3 Ne5 25. Rxf4 gxf4 26. f3 h5 27. gxh5 Rg8+
28. Kf2 Rg5 29. Be2 Rxh5 30. Rg1 Rh2+ 31. Rg2 Rh1 32. Bf1 Nxf3 0-1

[Event "Open de Figueres Miquel Mas 2016"]
[Site "Figueres ESP"]
[Date "2016.08.17"]
[Round "8.8"]
[White "Gonzalez Rodriguez, Jorge A."]
[Black "Pinsach Gelabert, Alexandre"]
[Result "1-0"]
[WhiteElo "2306"]
[BlackElo "2077"]
[PlyCount "77"]
[EventDate "2016.08.11"]
[EventType "swiss"]
[EventRounds "9"]
[EventCountry "ESP"]
[SourceTitle "Ajedrez en Madrid"]
[Source "lmi"]
[SourceDate "2016.08.11"]
[SourceVersion "1"]
[SourceVersionDate "2018.07.27"]
[SourceQuality "1"]

1. b3 Nf6 2. Bb2 g6 3. c4 Bg7 4. g3 O-O 5. Bg2 c5 6. Nc3 Nc6 7. Nh3 d5 8. Nxd5
Nxd5 9. Bxg7 Kxg7 10. cxd5 Bxh3 11. Bxh3 Qxd5 12. O-O Rad8 13. d3 e5 14. Rc1 b6
15. Bg2 Qe6 16. Qc2 Nd4 17. Qb2 f6 18. e3 Nc6 19. Rc3 Nb4 20. Qb1 Rf7 21. a3
Nd5 22. Rc4 Rfd7 23. Rfc1 Nc7 24. Bf1 Nb5 25. Ra4 Qc6 26. Qc2 Nd6 27. b4 b5 28.
Ra5 Nb7 29. Rxa7 Qb6 30. Rxb7 Rxb7 31. bxc5 Qa5 32. c6 Rc7 33. Qc5 Ra8 34. d4
Qxa3 35. Qxa3 Rxa3 36. d5 Rc8 37. d6 Raa8 38. Bxb5 Kf8 39. c7 1-0

[Event "Open de Figueres Miquel Mas 2016"]
[Site "Figueres ESP"]
[Date "2016.08.17"]
[Round "8.9"]
[White "Cardenas Serrano, Sergio"]
[Black "Bergez, Luc"]
[Result "1/2-1/2"]
[WhiteElo "2071"]
[BlackElo "2344"]
[PlyCount "99"]
[EventDate "2016.08.11"]
[EventType "swiss"]
[EventRounds "9"]
[EventCountry "ESP"]
[SourceTitle "Ajedrez en Madrid"]
[Source "lmi"]
[SourceDate "2016.08.11"]
[SourceVersion "1"]
[SourceVersionDate "2018.07.27"]
[SourceQuality "1"]

1. e4 d5 2. exd5 Nf6 3. c4 e6 4. Nc3 exd5 5. d4 Bb4 6. Nf3 O-O 7. Be2 dxc4 8.
O-O Bxc3 9. bxc3 Be6 10. Ne5 b5 11. a4 c6 12. Bg5 Bd5 13. Bf3 a6 14. axb5 cxb5
15. Bxf6 gxf6 16. Ng4 Kh8 17. Nxf6 Qxf6 18. Bxd5 Ra7 19. Re1 Re7 20. Rxe7 Qxe7
21. g3 Qf6 22. Qh5 b4 23. Be4 Qg7 24. Ra5 f6 25. cxb4 Qe7 26. f3 Nc6 27. Bxc6
Qe1+ 28. Kg2 Qe2+ 29. Kh3 Qe6+ 30. Qf5 Qxc6 31. Rc5 Qe8 32. d5 Qe5 33. Qxe5
fxe5 34. Rxc4 Rxf3 35. Re4 Rd3 36. Rxe5 Rd4 37. Re6 Rxb4 38. Rxa6 Rd4 39. Rd6
Kg7 40. g4 h6 41. Kh4 Rd2 42. Kg3 Rd3+ 43. Kf2 Rd2+ 44. Kg3 Rd3+ 45. Kh4 Rd2
46. h3 Rd3 47. Rd7+ Kf6 48. Rd6+ Kg7 49. Rd7+ Kf6 50. Rd6+ 1/2-1/2

[Event "Open de Figueres Miquel Mas 2016"]
[Site "Figueres ESP"]
[Date "2016.08.17"]
[Round "8.12"]
[White "Parals Marce, Luis"]
[Black "Sole Pijuan, Ferran"]
[Result "1-0"]
[WhiteElo "2053"]
[BlackElo "1998"]
[PlyCount "69"]
[EventDate "2016.08.11"]
[EventType "swiss"]
[EventRounds "9"]
[EventCountry "ESP"]
[SourceTitle "Ajedrez en Madrid"]
[Source "lmi"]
[SourceDate "2016.08.11"]
[SourceVersion "1"]
[SourceVersionDate "2018.07.27"]
[SourceQuality "1"]

1. d4 d5 2. Bf4 Nf6 3. e3 Bf5 4. c4 c6 5. Nc3 e6 6. Qb3 Qb6 7. c5 Qxb3 8. axb3
Nbd7 9. b4 Nh5 10. Bc7 Rc8 11. Be5 a6 12. h3 Nhf6 13. Bh2 h6 14. Nf3 Ne4 15.
Nxe4 Bxe4 16. Nd2 Bh7 17. Nb3 f6 18. Na5 b5 19. Nb7 Ra8 20. Kd2 Kf7 21. Be2 Be7
22. Ra3 Ra7 23. Na5 Rc8 24. Rha1 e5 25. Nxc6 Rxc6 26. Bxb5 Rcc7 27. Rxa6 Rxa6
28. Rxa6 Bf5 29. Ba4 Rb7 30. Kc3 Nb8 31. Ra8 Bd7 32. Rxb8 Rxb8 33. Bxd7 exd4+
34. exd4 Rd8 35. Ba4 1-0

[Event "Open de Figueres Miquel Mas 2016"]
[Site "Figueres ESP"]
[Date "2016.08.17"]
[Round "8.16"]
[White "Molano Lafuente, Ismael"]
[Black "Salleras Mercader, Josep M."]
[Result "1/2-1/2"]
[WhiteElo "1952"]
[BlackElo "1640"]
[PlyCount "45"]
[EventDate "2016.08.11"]
[EventType "swiss"]
[EventRounds "9"]
[EventCountry "ESP"]
[SourceTitle "Ajedrez en Madrid"]
[Source "lmi"]
[SourceDate "2016.08.11"]
[SourceVersion "1"]
[SourceVersionDate "2018.07.27"]
[SourceQuality "1"]

1. f4 e6 2. Nf3 f5 3. e4 Nf6 4. e5 Nd5 5. d4 d6 6. c4 Nb6 7. Nc3 d5 8. c5 N6d7
9. Ng5 Qe7 10. Nb5 Na6 11. Nd6+ cxd6 12. cxd6 Qd8 13. Nxe6 Qh4+ 14. g3 Qh6 15.
Ng5 Bxd6 16. exd6 Qxd6 17. Qe2+ Qe7 18. Qxe7+ Kxe7 19. Bxa6 bxa6 20. Bd2 h6 21.
Nf3 Bb7 22. Ne5 Nxe5 23. fxe5 1/2-1/2